|
|
|
|
| LEADER |
00000nam a2200000 a 4500 |
| 001 |
vtls010110978 |
| 003 |
SK-MaSNL |
| 005 |
20260301131344.0 |
| 008 |
240314s2010 xo o f 000 0 slo |
| 015 |
|
|
|a SNBA2010/10-05450
|
| 020 |
|
|
|a 9788097042134
|q (viaz.)
|
| 035 |
|
|
|a 5C3E0486-BB5C-46B8-84D6-8B579ACD14B2
|
| 035 |
|
|
|a urn:nbn:sk:snk-amkwhl
|
| 035 |
|
|
|a urn:nbn:sk:snk-am00833v
|
| 040 |
|
|
|a SNK
|b slo
|c SNK
|e AACR2
|
| 041 |
0 |
|
|a slo
|
| 043 |
|
|
|a e-xo---
|
| 044 |
|
|
|a xo
|c SK
|
| 072 |
|
7 |
|a 94(437)
|x Dejiny Česka a Slovenska
|2 konspekt
|
| 080 |
|
|
|a 371(091)
|2 2001
|
| 080 |
|
|
|a 94(437.6)
|2 2001
|
| 080 |
|
|
|a (048.8)
|2 2001
|
| 100 |
1 |
|
|a Jánošík, Vladimír
|4 aut
|9 480508
|
| 245 |
1 |
0 |
|a Na začiatku bola búdka
|c Vladimír Jánošík
|
| 250 |
|
|
|a [1. vyd.]
|
| 260 |
|
|
|a [Prešov]
|b R.S. media
|c 2010
|
| 300 |
|
|
|a 119 s.
|b fotogr. (prevažne fareb.)
|c 29 cm
|
| 366 |
|
|
|e 300 výt.
|
| 650 |
0 |
7 |
|a dejiny školstva
|2 SNKPH
|9 71224
|
| 650 |
0 |
7 |
|a History of education
|2 SNKPHeng
|9 286006
|
| 650 |
0 |
7 |
|a dejiny miest
|2 SNKPH
|9 164833
|
| 651 |
|
7 |
|a Šarišské Dravce (Slovensko)
|2 SNK
|9 57206
|
| 651 |
|
7 |
|a Šarišské Dravce (Slovakia)
|2 SNKPHeng
|9 480509
|
| 655 |
|
7 |
|a monografie
|2 SNKPH
|9 70139
|
| 655 |
|
7 |
|a Monographs
|2 SNKPHeng
|9 120675
|
| 919 |
|
|
|a 978-80-970421-3-4
|
| 968 |
|
|
|d 93/94
|
| 999 |
|
|
|c 747686
|d 749616
|
| 952 |
|
|
|a SNK
|b SNK
|y PREZ
|7 0
|p 17A0663863
|o snkSB 79794
|i snk2010/14376
|8 0
|0 0
|1 0
|4 0
|d 2010-06-30
|f 1
|l 0
|r 2025-04-29 00:00:00
|w 2026-02-23
|
| 952 |
|
|
|a SNK
|b SNK
|y VYP
|7 0
|p 17A0663862
|o snkSB 79794 D1
|i snk2010/14377
|8 0
|0 0
|1 0
|4 0
|d 2010-06-30
|l 0
|r 2016-06-30 00:00:00
|w 2026-02-23
|